000 01204cam a22002653a 4500
001 12313
003 PGUSA
005 20140828083247.0
008 040501s2004||||xxu|||||s|||||000 p eng d
040 _aPGUSA
_beng
042 _adc
050 4 _aPT
100 1 _aAndersen, H. C.
_q(Hans Christian),
_d1805-1875
245 1 0 _aPictures of Sweden
_h[electronic resource] /
_cH. C. Andersen
260 _bProject Gutenberg,
_c2004
505 0 _aIntroduction -- Trollhätta -- The Bird Phoenix -- Kinnakulla -- Grandmother -- The Prison-cells -- Beggar-boys -- Vadstene -- The Puppet-showman -- The "Skjärgaards" -- Stockholm -- Diurgaerden -- A Story -- Upsala -- Sala -- The Mute Book -- The Zäther Dale -- The Midsummer Festival in Lacksand -- Faith and Knowledge -- In the Forest -- Fahlun -- What the Straws Said -- The Poet's Symbol -- The Dal-elv -- Danemora -- The Swine -- Poetry's California.
506 _aPublic domain in the USA.
516 _aElectronic text
653 _aFairy tales -- Sweden
653 _aSweden -- Description and travel
740 0 _aI Sverrig. English
830 0 _aProject Gutenberg
_v12313
856 4 0 _uhttp://www.gutenberg.org/ebooks/12313
942 _cEB
999 _c241568
_d241568